Statistiques concernant Top 10 des États américains les plus afro-américains

Cliquez ici pour prendre le quiz!

Statistiques générales

  • Ce quiz a été pris 143 fois
  • Le résultat moyen est 6 sur 10

Statistiques - réponses

%état% Correct
32,4Louisiane
78%
21,5Caroline du Nord
69%
26,5Caroline du Sud
69%
26,9Alabama
68%
38,0Mississippi
68%
31,9Géorgie
66%
19,4Virginie
60%
16,7Tennessee
42%
30,3Maryland
23%
22,5Delaware
14%

Distribution des résultats

Percentile par nombre de réponses

% des personnes avec chaque résultat

Votre développement - résultats

Vous n’avez pas pris ce quiz